Todos los huesos del cráneo humano (vista lateral) - Estadísticas

Estadísticas generales
  • Esta prueba ha sido intentada 334 veces
  • La puntuación promedio es 7 de 11
Respuestas en el mapa
Las respuestas están codificadas por una escala verde-roja en el mapa de la prueba según el % correcto abajo.
 
Estadísticas de respuestas
Hueso % Correcto
Frontal
90%
Mandíbula
86%
Occipital
85%
Nasal
76%
Maxilar
74%
Parietal
74%
Temporal
71%
Etmoides
55%
Esfenoides
51%
Lagrimal
40%
Cigomático
38%
No se encontraron pruebas coincidentes
Distribución de puntuación
Porcentaje de gente con cada puntuación
Porcentaje por número respondido
Historial de tus puntuaciones
No has intentado esta prueba.